000 00648nam a2200193Ia 4500
003 LDD
008 190117s9999 xx 000 0 und d
020 _a8176750026
_c₹80
040 _cLDD
041 _ahi
082 _a8H1.71 श्री6801कि
100 _aश्रीवास्तव, मिथिलेश
245 0 _aकिसी उम्मीद की तरह
_cमिथिलेश श्रीवास्तव
260 _bआधार प्रकाशन
_c1999
300 _a84
901 _aPS
904 _aReqst by : J M Parakh
942 _2ddc
_cH
999 _c172352
_d172352